| 000 | 00713nac a22002051u 4500 | ||
|---|---|---|---|
| 010 | _a 66003557 | ||
| 082 |
_a616.136 _bF3121 |
||
| 090 |
_c3547 _d3547 |
||
| 100 | _aFearnley, George R. | ||
| 110 | 2 | _aFearnley, George, R. [from old catalog] | |
| 245 | 0 | 0 |
_aFibrinolysis / _cGeorge R. Fearnley. |
| 260 |
_aLondon, _bE. Arnold _c[1965] |
||
| 300 |
_axii, 191 p. _billus. _c23 cm. |
||
| 500 | _aDonations. | ||
| 500 | _aDonations - Bibliotheca Alexandrina. | ||
| 504 | _aIncludes Index. | ||
| 650 | 0 | _aFibrinolysis. [from old catalog] | |
| 942 |
_cBB _k616.136F3121 |
||
| 999 |
_c3547 _d3547 |
||